Сучасні дослідження з іноземної філології. Збірник наукових статей. (Запис № 284354)

МАРК-запис
000 -LEADER
fixed length control field 01265nam a22001697a 4500
020 ## - INTERNATIONAL STANDARD BOOK NUMBER
International Standard Book Number 966-7400-30-7
041 ## - LANGUAGE CODE
Language code of text/sound track or separate title ukr
080 ## - UNIVERSAL DECIMAL CLASSIFICATION NUMBER
Universal Decimal Classification number 81
090 ## - LOCALLY ASSIGNED LC-TYPE CALL NUMBER (OCLC); LOCAL CALL NUMBER (OCLC)
Local cutter number (OCLC) ; Book number/undivided call number, CALL (RLIN) ФАБ
100 ## - MAIN ENTRY--PERSONAL NAME
Personal name Фабіан М.П.
245 ## - TITLE STATEMENT
Title Сучасні дослідження з іноземної філології. Збірник наукових статей.
260 ## - PUBLICATION, DISTRIBUTION, ETC. (IMPRINT)
Place of publication, distribution, etc Ужгород
Name of publisher, distributor, etc Ліра
Date of publication, distribution, etc 2003
300 ## - PHYSICAL DESCRIPTION
Extent 362
520 ## - SUMMARY, ETC.
Summary, etc Збірник містить науковий доробок викладачів та аспірантів Ужгородського національного унуверситету, інших вузів України, Словаччини, Угорщини, Румунії, Австралії. У наукових збірниках представлено сучасні дослідження з іноземної філології в галузях мовознавства, літературознавства і методики викладання англійської, німецької та французької мов у середніх та вищих навчальних закладах.
-- мовознавство, літературознавство, методика
650 ## - SUBJECT ADDED ENTRY--TOPICAL TERM
Topical term or geographic name as entry element Language Studies
942 ## - ADDED ENTRY ELEMENTS (KOHA)
Koha item type Книги
Фонди
Withdrawn status Lost status Source of classification or shelving scheme Damaged status Not for loan Home library Current library Date acquired Source of acquisition Cost, normal purchase price Total Checkouts Full call number Barcode Date last seen Price effective from Koha item type
    Universal Decimal Classification     ВІЛ - Відділ іноземн. літератури НБ ВІЛ - Відділ іноземн. літератури НБ 11/04/2011 Акт №01/11 10.00   81 214094 30/11/2021 11/04/2011 Книги